Hegemonía de Barcelona en Cataluña durante el siglo XV (Record no. 40931)

MARC details
000 -LEADER
campo de control de longitud fija 00662nam a2200169 i 4500
001 - NÚMERO DE CONTROL
campo de control 40931
003 - IDENTIFICADOR DE NÚMERO DE CONTROL
campo de control ES-MaACL
005 - FECHA Y HORA DE LA ÚLTIMA TRANSACCIÓN
campo de control 20251011063101.0
007 - CAMPO FIJO DE DESCRIPCIÓN FÍSICA--INFORMACIÓN GENERAL
campo de control de longitud fija t|
008 - DATOS DE LONGITUD FIJA--INFORMACIÓN GENERAL
campo de control de longitud fija 030307s1899 sp ||||1| spa d
100 1# - ENTRADA PRINCIPAL--NOMBRE DE PERSONA
Nombre de persona Carreras i Candi, Francesc,
Fechas asociadas al nombre 1862-1937
9 (RLIN) 35674
245 10 - MENCIÓN DEL TÍTULO
Título Hegemonía de Barcelona en Cataluña durante el siglo XV
Resto del título : discurso leído ante la Real Academia de Buenas Letras de Barcelona 14 de Marzo 1898 /
Mención de responsabilidad, etc. Francesc Carreras i Candi.
260 ## - PUBLICACIÓN, DISTRIBUCIÓN, ETC.
Lugar de publicación, distribución, etc. Barcelona :
Nombre del editor, distribuidor, etc. [s.n.,
Fecha de publicación, distribución, etc. 1899] (
Fabricante Tepulco ; Roviralto)
710 2# - ENTRADA AGREGADA--NOMBRE DE ENTIDAD CORPORATIVA
Nombre de entidad corporativa o nombre de jurisdicción como elemento de entrada Reial Acadèmia de Bones Lletres de Barcelona.
9 (RLIN) 176228
852 ## - LOCALIZACIÓN
Ubicación ES-MaACL
Número de control de estantería T-990-F-9
Holdings
Estatus retirado Estado de pérdida Estado de daño No para préstamo Colección Biblioteca de origen Biblioteca actual Ubicación en estantería Fecha de adquisición Fuente de adquisición Total de préstamos Signatura topográfica completa Código de barras Visto por última vez Precio de reemplazo Tipo de ítem Koha
        Colección de folletos Biblioteca del Ateneo de Madrid Biblioteca del Ateneo de Madrid Depósito folletos 17/01/2008     T-990-F-9 1043086 23/02/2023 23/02/2023 Folleto